000
00314nam a22001337a 4500
020
_a
9783374047321
082
_a
270.82 LUT
100
_a
Lutheren world Fedration
245
_a
Healing Memories
260
_a
Germany
_b
The Luthren World Fedration
_c
2016
300
_a
199
650
_a
Ecumenicalism
942
_c
BK
999
_c
20181
_d
20181